| 000 | 00349nam a22001337a 4500 | ||
|---|---|---|---|
| 020 | _a9781292027296 | ||
| 040 | _cNUST | ||
| 082 |
_a621.43 _bPUL |
||
| 100 |
_aPulkrabek, Willard W _956114 |
||
| 245 | _aEngineering Fundamentals of the Internal Combustion Engine | ||
| 250 | _aSECOND EDITION | ||
| 260 |
_aIndia: _bPerson, _c2014. |
||
| 942 |
_2ddc _cBK |
||
| 999 |
_c586648 _d586648 |
||